| 000 | 00637nam a2200217Ia 4500 | ||
|---|---|---|---|
| 008 | 160517s9999 xx 000 0 und d | ||
| 050 | _aHF 5415.335 | ||
| 050 | _b.P792 2016 | ||
| 100 | _aPon-an, Maria Arabelle B. | ||
| 245 | _aCustomer perception of quality of service of selected rubber shoes stores / | ||
| 245 | _cMaria Arabelle B. Pon-an. | ||
| 260 | _aLas PiƱas, Philippines : | ||
| 260 | _bSISC, | ||
| 260 | _c2016. | ||
| 300 | _a73 pages : | ||
| 300 | _billustrations ; | ||
| 300 | _c28 cm. | ||
| 500 | _aIncludes bibliographical references and appendices. | ||
| 521 | _aBusiness Administration | ||
| 942 | _cTH | ||
| 999 |
_c293959 _d293959 |
||